00869nam a22002057a 4500010001300000020002400013035001300037037001800050040001200068082002000080100002300100245027200123250001200395260004900407270006700456300003500523650004500558650003500603700002500638 aB-167901 a8175344881c1150.00 aB-167901 bCen Lib / Ret aDPLbEN a343.540772bSAR aSarin, Harbans Lal aEncyclopaedia of petroleum laws :bcovering acts, rules, orders, notifications, allied laws, policies, regulations, international laws, glossary, model specimen documents, important addresses & digest of relevant cases /cby Harbans Lal Sarin [and] Manmohan Lal Sarin a10th ed aNew DelhibUniversal Law Publishing Coc2005 aC-FF-1A, Hans Cinema, Azapur GT Karnal RoadbNew Delhie110033 axxii, 1745p :bill ;c24cm(Hb) aPetroleum law and legislation -- India.  aPetroleum law and legislation. aSarin, Manmohan Lal